000 00528nam a22001577a 4500
082 0 0 _a920
_aFRA
100 1 _aCohen, Morris Raphael,
_938794
245 1 2 _aA dreamer's journey :
_bthe autobiography of Morris Raphael Cohen.
260 _aNew York :
_bArno Press,
500 _aIncludes index.
500 _aReprint of the ed. published by Beacon Press, Boston.
526 _a0
_b0
_c0
_d920_000000000000000
650 0 _aJews
_zUnited States.
_950618
650 0 _aPhilosophers
_zUnited States
_xBiography.
_950619
942 _2ddc
_cBK
999 _c553373
_d553373